| 000 -LEADER |
| fixed length control field |
00608nam a22001937a 4500 |
| 001 - CONTROL NUMBER |
| control field |
429 |
| 003 - CONTROL NUMBER IDENTIFIER |
| control field |
BD-DhUAP |
| 005 - DATE AND TIME OF LATEST TRANSACTION |
| control field |
20210201113255.0 |
| 008 - FIXED-LENGTH DATA ELEMENTS--GENERAL INFORMATION |
| fixed length control field |
210201s1972 nyu||||| |||| 00| 0 eng d |
| 040 ## - CATALOGING SOURCE |
| Original cataloging agency |
BD-DhUAP |
| Language of cataloging |
Eng |
| Transcribing agency |
BD-DhUAP |
| Modifying agency |
BD-DhUAP |
| 082 ## - DEWEY DECIMAL CLASSIFICATION NUMBER |
| Edition number |
23 |
| Classification number |
808.04207 KUN |
| 100 ## - MAIN ENTRY--PERSONAL NAME |
| Personal name |
Kunz, Linda Ann. |
| 245 ## - TITLE STATEMENT |
| Title |
26 steps : |
| Remainder of title |
controlled composition for intermediate and advanced ESL students / |
| Statement of responsibility, etc. |
Linda Ann Kunz. |
| 250 ## - EDITION STATEMENT |
| Edition statement |
rev. ed. |
| 260 ## - PUBLICATION, DISTRIBUTION, ETC. |
| Place of publication, distribution, etc. |
New York : |
| Name of publisher, distributor, etc. |
Language Innovations, |
| Date of publication, distribution, etc. |
c1972. |
| 300 ## - PHYSICAL DESCRIPTION |
| Extent |
53 pages ; |
| Dimensions |
28 cm. |
| 650 ## - SUBJECT ADDED ENTRY--TOPICAL TERM |
| Topical term or geographic name entry element |
English language |
| Form subdivision |
Composition and exercises. |
| 942 ## - ADDED ENTRY ELEMENTS (KOHA) |
| Source of classification or shelving scheme |
|
| Koha item type |
Book |